Русско-немецкий словарь пословиц и поговорок: Свыше 700 единиц

গ্রন্থ-পঞ্জীর বিবরন
প্রধান লেখক: Цвиллинг М. Я. Михаил Яковлевич
ভাষা:জার্মান
রুশ
প্রকাশিত: Москва, Русский язык, 1984
বিষয়গুলি:
বিন্যাস: MixedMaterials গ্রন্থ
KOHA link:https://koha.lib.tpu.ru/cgi-bin/koha/opac-detail.pl?biblionumber=23453

MARC

LEADER 00000nam0a2200000 4500
001 23453
005 20231101205542.0
035 |a (RuTPU)RU\TPU\book\23672 
035 |a BOOK00023745 
090 |a 23453 
100 |a 20011209d1984 m y0rusy50 ca 
101 0 |a ger  |a rus 
102 |a RU 
105 |a y e 001zy 
200 1 |a Русско-немецкий словарь пословиц и поговорок  |d Sprichworter sprichwortliche Redensarten russisch-deutsches Worterbuch  |e Свыше 700 единиц  |f М. Я. Цвиллинг 
210 |a Москва  |c Русский язык  |d 1984 
215 |a 214 с. 
510 1 |a Sprichworter sprichwortliche Redensarten russisch-deutsches Worterbuch 
606 1 |a Немецкий язык  |x Лексикология  |2 stltpush  |3 (RuTPU)RU\TPU\subj\45378  |9 64621 
610 1 |a немецкий язык 
610 1 |a словари 
610 1 |a фразеологические словари 
610 1 |a пословицы русские 
610 1 |a поговорки русские 
686 |a Ш143.24-49  |v LBC/SL-A  |2 rubbk 
686 |a Ш143.24-3  |v LBC/SL-A  |2 rubbk 
700 1 |a Цвиллинг  |b М. Я.  |g Михаил Яковлевич 
801 0 |a RU  |b 63413507  |c 20011209  |g PSBO 
801 2 |a RU  |b 63413507  |c 20140110  |g PSBO 
942 |c BK